Famous People from Grand Forks by Picture - Statistics

General Stats
  • This quiz has been taken 2 times
  • The average score is 23 of 45
Answer Stats
Picture Hint Answer % Correct
Basketball Coach (1934-2020) Lute Olson
100%
Economist & Political Scientist (1932-1998) Mancur Olson
100%
Actor (born 1982) Alan Ritchson
50%
Road Bicycle Racer (born 1962) Andrew Hampsten
50%
Governor (1874-1928) Arthur G. Sorlie
50%
Announcer & Host (born 1931) Bill Owen
50%
Hockey Player & Mayor (born 1982) Brandon Bochenski
50%
Football Player (born 1979) Brooks Bolinger
50%
Ice Hockey Player (1921-2006) Buzz Johnson
50%
Track & Field Athlete (1938-1966) Clifton Cushman
50%
Singer-Songwriter (born 1972) Corin Tucker
50%
Basketball Player (born 1992) Doug McDermott
50%
Writer & Editor (1905-1986) Era Bell Thompson
50%
Ice Hockey Player (1914-2001) Fido Purpur
50%
Ice Hockey Player & Coach (born 1980) Grant Potulny
50%
Entrepreneur & Engineer (born 1987) Greg Brockman
50%
Novelist (born 1959) Jennie Shortridge
50%
Ice Hockey Player (born 1989) Jocelyne Lamoreux-Davidson
50%
Make-Up Artist (born 1968) Joel Harlow
50%
Track & Field Athlete (born 1930) John Bennett
50%
Actress (born 1973) Kam Heskin
50%
Baseball Player (1934-1997) Ken Hunt
50%
Activist (born 1944) Leonard Peltier
50%
Singer-Songwriter (1927-2011) Liz Anderson
50%
Ice Hockey Player (born 1994) Luke Johnson
50%
Singer (1947-2015) Lynn Anderson
50%
Newspaper Columnist (1926-2025) Marilyn Hagerty
50%
Pastor (born 1970) Mark Driscoll
50%
Composer (born 1984) Matthew Peterson
50%
Lieutenant Governor (born 1968-1969) Michelle Strinden
50%
Ice Hockey Player (born 1989) Monique Lamoureux-Morando
50%
Golfer (born 1954) Pat McGowan
50%
Ice Hockey Player (born 1992) Paul LaDue
50%
Journalist (born 1975) Rob Kuznia
50%
Ice Hockey Player (born 1984) Ryan Potulny
50%
Motorcyclist & Preacher (born 1963) Sam Childers
50%
Track & Field Athlete (born 2002) Shelby Frank
50%
Baseball Player (born 1949) Tim Johnson
50%
Singer-Songwriter (born 1976) Tom Brosseau
50%
Singer (1925-1974) Tony Fontane
50%
Basketball Player (born 1992) Tyler Johnson
50%
Boxer (born 1964) Virgil Hill
50%
Governor (1880-1951) Walter Maddock
50%
Hockey Player (born 1992) Zane McIntyre
50%
Ice Hockey Player (born 1984) Jean-Philippe Lamoureux
0%
No matching quizzes found
Score Distribution
Percent of People with Each Score
Percentile by Number Answered
Your Score History
You have not taken this quiz